<?xml version="1.0" encoding="UTF-8"?><?xml-stylesheet type="text/xsl" href="static/style.xsl"?><OAI-PMH xmlns="http://www.openarchives.org/OAI/2.0/" xmlns:xsi="http://www.w3.org/2001/XMLSchema-instance" xsi:schemaLocation="http://www.openarchives.org/OAI/2.0/ http://www.openarchives.org/OAI/2.0/OAI-PMH.xsd"><responseDate>2026-04-27T13:01:05Z</responseDate><request verb="GetRecord" identifier="oai:uvadoc.uva.es:10324/76264" metadataPrefix="marc">https://uvadoc.uva.es/oai/request</request><GetRecord><record><header><identifier>oai:uvadoc.uva.es:10324/76264</identifier><datestamp>2025-07-07T07:57:29Z</datestamp><setSpec>com_10324_1156</setSpec><setSpec>com_10324_931</setSpec><setSpec>com_10324_894</setSpec><setSpec>col_10324_1294</setSpec></header><metadata><record xmlns="http://www.loc.gov/MARC21/slim" xmlns:doc="http://www.lyncode.com/xoai" xmlns:xsi="http://www.w3.org/2001/XMLSchema-instance" xmlns:dcterms="http://purl.org/dc/terms/" xsi:schemaLocation="http://www.loc.gov/MARC21/slim http://www.loc.gov/standards/marcxml/schema/MARC21slim.xsd">
<leader>00925njm 22002777a 4500</leader>
<datafield tag="042" ind1=" " ind2=" ">
<subfield code="a">dc</subfield>
</datafield>
<datafield tag="720" ind1=" " ind2=" ">
<subfield code="a">Hernández Conde, José Vicente</subfield>
<subfield code="e">author</subfield>
</datafield>
<datafield tag="260" ind1=" " ind2=" ">
<subfield code="c">2017</subfield>
</datafield>
<datafield tag="520" ind1=" " ind2=" ">
<subfield code="a">Casasanto y Lupyan han sostenido que no hay conceptos independientes del contexto: todos los conceptos serían construidos ad hoc en el momento de su instanciación. Este artículo muestra que el marco de la cognición ad hoc puede caracterizarse mediante una teoría de similaridad conceptual, y distingue dos nociones de concepto —asociadas a diferentes fases de su ciclo de vida (almacenamiento e instanciación)—. La propuesta reúne virtudes de dos enfoques opuestos: (a) invariantista: la estabilidad del concepto almacenado permite acumular nueva información; y (b) contextualista: la dependencia contextual del concepto instanciado explica nuestra capacidad de adaptación.</subfield>
</datafield>
<datafield tag="024" ind2=" " ind1="8">
<subfield code="a">Theoria. An International Journal for Theory, History and Foundations of Science, Octubre 2017, vol. 32, n. 3, p. 271-292</subfield>
</datafield>
<datafield tag="024" ind2=" " ind1="8">
<subfield code="a">0495-4548</subfield>
</datafield>
<datafield tag="024" ind2=" " ind1="8">
<subfield code="a">https://uvadoc.uva.es/handle/10324/76264</subfield>
</datafield>
<datafield tag="024" ind2=" " ind1="8">
<subfield code="a">10.1387/theoria.16216</subfield>
</datafield>
<datafield tag="024" ind2=" " ind1="8">
<subfield code="a">271</subfield>
</datafield>
<datafield tag="024" ind2=" " ind1="8">
<subfield code="a">3</subfield>
</datafield>
<datafield tag="024" ind2=" " ind1="8">
<subfield code="a">292</subfield>
</datafield>
<datafield tag="024" ind2=" " ind1="8">
<subfield code="a">THEORIA. An International Journal for Theory, History and Foundations of Science</subfield>
</datafield>
<datafield tag="024" ind2=" " ind1="8">
<subfield code="a">32</subfield>
</datafield>
<datafield tag="024" ind2=" " ind1="8">
<subfield code="a">2171-679X</subfield>
</datafield>
<datafield ind1=" " ind2=" " tag="653">
<subfield code="a">Humanidades</subfield>
</datafield>
<datafield tag="245" ind1="0" ind2="0">
<subfield code="a">Ciclo de vida de un concepto en el marco de la cognición ad hoc</subfield>
</datafield>
</record></metadata></record></GetRecord></OAI-PMH>